| 000 | 00800nam a2200253 i 4500 | ||
|---|---|---|---|
| 001 | bg | ||
| 100 | 1 | _aRZECZYCKA, Anna | |
| 245 | 1 | 0 |
_aRyzyko bankowe i metody jego ograniczania / _cAnna Rzeczycka. |
| 260 |
_aGdańsk : _bWydaw. PG, _c2002 ; _aGdańsk : _bPolitechnika Gdańska _c2002. |
||
| 300 |
_a147, [2] s. : _bil. ; _c24 cm. |
||
| 490 | 1 |
_aMonografie / Politechnika Gdańska ; _v26 |
|
| 500 | _aStreszcz. ang. | ||
| 504 | _aBibliogr., wybór aktów prawnych. | ||
| 650 | 9 |
_aBanki _xfinanse _zPolska _yod 1989 r. |
|
| 650 | 9 |
_aRyzyko _xfinanse |
|
| 830 | 0 |
_aMonografie (Politechnika Gdańska) ; _v26 |
|
| 020 | _a837348003X | ||
| 040 | _cBPK | ||
| 041 | 0 |
_apl _ben |
|
| 080 | _a336.71(438)"1989/..." | ||
| 920 | _a83-7348-003-X | ||
| 942 | _cKS | ||
| 008 | s pl f |000 0 pol | ||
| 999 |
_c42080 _d42080 |
||
| 856 |
_uhttp://koha.tu.koszalin.pl/cgi-bin/koha/opac-detail.pl?biblionumber=42080 _yKatalog online BPK |
||